00773nam a22001817a 4500003000200000005001700002008004100019050002200060100002700082245011600109260007100225300004400296504005700340650004800397650004300445650005000488650005300538020250120110346.0250120b xxu||||| |||| 00| 0 eng d aBF 637b.L95 2023 aLumactud, Claudine S.  aDigitizing operational processes of the counselling and psychological services departmentcClaudine S. Lumactud aLas Pinas CitybSouthville International School and Collegesc2023 axvi, 93 pages :billustrations ;c29cm. aIncludes bibliographical references and appendices.  aMental health services—Digital platforms. aStudent services—Management systems. aCounseling services—Digital transformation. aEducational counseling—Technology integration.